| 000 | 00434nam a22001457a 4500 | ||
|---|---|---|---|
| 008 | 240731b |||||||| |||| 00| 0 eng d | ||
| 020 | _a9788131257821 | ||
| 082 |
_2Third South Asia Edition _a610.73 |
||
| 100 | _aPotter, Patrica A. | ||
| 245 | _aPotters & Perry's Fundamentals of Nursing | ||
| 250 | _aThird South Asia Edition | ||
| 260 |
_aIndia _bRelx India |
||
| 300 |
_axix, 1342p. _c21cm |
||
| 942 |
_2ddc _eThird South Asia Edition |
||
| 999 |
_c9929 _d9930 |
||